Statistics for Biggest Combined Statistical Areas in the U.S.

Click here to take the quiz!

General Stats

  • This quiz has been taken 30 times
  • The average score is 50 of 58

Answer Stats

PopulationState(s)Answer% Correct
22,589,036NY-NJ-CT-PANew York
100%
9,814,928DC-MD-VA-WV-PAWashington D.C.
100%
9,825,325IL-IN-WIChicago
96%
2,457,286INIndianapolis
96%
18,711,436CALos Angeles
96%
2,062,547TNNashville
92%
2,571,266TXSan Antonio
92%
2,525,639OHColumbus
92%
2,501,151MO-KSKansas City
92%
2,313,238NVLas Vegas
92%
1,688,701FL-GAJacksonville
92%
2,047,966WIMilwaukee
92%
2,797,636NC-SCCharlotte
92%
1,507,017LA-MSNew Orleans
92%
1,481,542OKOklahoma City
92%
1,371,039TN-MS-ARMemphis
92%
1,204,100NYBuffalo
92%
1,062,319TX-NMEl Paso
92%
2,603,259PA-OH-WVPittsburgh
92%
2,280,246OH-KY-INCincinnati
92%
2,907,648MO-ILSt. Louis
92%
4,903,675WASeattle
92%
7,253,193TXHouston
92%
7,209,620PA-NJ-DE-MDPhiladelphia
92%
6,853,392GA-ALAtlanta
92%
5,002,221AZPhoenix
92%
5,341,994MIDetroit
92%
4,160,646FLOrlando
92%
4,027,861MN-WIMinneapolis
92%
3,617,927CODenver
92%
3,586,918OHCleveland
92%
3,259,710OR-WAPortland
92%
8,287,710MA-RI-NH-CTBoston
92%
8,057,796TX-OKDallas
92%
2,079,687NCRaleigh
88%
1,317,702ALBirmingham
88%
1,859,197VA-NCVirginia Beach
88%
1,167,594NYAlbany
88%
6,889,936FLMiami
88%
1,489,142KY-INLouisville
88%
2,641,048UTSalt Lake City
88%
1,158,464NMAlbuquerque
88%
1,146,049TNKnoxville
83%
1,093,777AZTucson
83%
1,118,150OKTulsa
83%
1,470,083CTHartford
83%
9,665,887CASan Jose
79%
1,160,940NYRochester
79%
1,004,573TN-GAChattanooga
79%
2,639,124CASacramento
79%
1,309,368CAFresno
75%
1,412,470MIGrand Rapids
75%
1,689,151NCGreensboro
75%
1,080,282OHDayton
71%
1,271,801PAHarrisburg
67%
1,197,501FLCape Coral
46%
1,475,235SCGreenville
42%
1,063,906FLNorth Port
8%

Score Distribution

Percentile by Number Answered

Percent of People with Each Score

Your Score History

You have not taken this quiz